Statistics for Countries That Produce The Most Tomatoes

Click here to take the quiz!

General Stats

  • This quiz has been taken 999 times
  • The average score is 9 of 15

Answer Stats

% Of Total ProducedCountry% Correct
2.25%United States
98%
1.61%Italy
96%
12.0%Spain
95%
24.2%Mexico
93%
2.01%China
92%
3.81%France
91%
3.48%Turkey
74%
4.07%Canada
71%
9.12%Morocco
49%
20.1%Netherlands
47%
0.78%Poland
47%
3.28%Belgium
41%
1.30%Jordan
9%
0.77%Uzbekistan
6%
2.08%Azerbaijan
4%

Score Distribution

Percentile by Number Answered

Percent of People with Each Score

Your Score History

You have not taken this quiz